000
00281nam a2200109Ia 4500
001
1268573
005
20260417145253.0
008
260417s9999 xx 000 0 und d
020
_a
9786256495579
245
0
_a
Minik Balığım Fırfır
_c
Catherine Rayner
260
_b
Ketebe Çocuk
999
_c
1268573
_d
1268573